00351pab a2200133 454500008004000000100002000040245005500060260000900115300001300124362001000137650002200147650001400169773003400183180718b2011 xxu||||| |||| 00| 0 eng d aBardhan, Pranab aChallenges for a minimum social democracy in India c2011 ap.39-43. a5 Mar aSocialism - India aSocialism aEconomic and Political Weekly